000 00961nam a22002057a 4500
999 _c4143
_d4143
003 AR-CdUCM
008 190308b ||||| |||| 00| 0 spa d
040 _aMUNICIPALIDAD PROVINCIAL DEL CUSCO
_cBIBLIOTECA MUNICIPAL DEL CUSCO
082 _a780.961 /
_bC12
100 _aCaballero Farfan, Policarpo
_913130
245 _aMusica Inkaika :
_bsus leyes y su evolucion historica /
260 _aCusco :
_bCOSITUC ,
_c1988.
300 _a375 páginas ;
_bretrato,
_c20.5 cm.
505 _aContenido : El canto popular peruano -- La música periana -- Fuentes de la música peruana -- El instrumentarium inkaiko -- Aerófonos o instrumentos de vientos -- Las Flautas -- Empleo pasado y presente de la antara -- La Qena -- La Escala Dórica -- Fundamentos Cientifícos de la Mpusica Inkaika...
650 _aAnalisis de la musica Peruana
_913131
650 _aMusica Inkaika
_913132
650 _aEstudio Musical Inkaiko
_913133
942 _2ddc
_cLIBROS
945 _artm